Real-Time Systems: Formal Specification and Automatic Verification / (Record no. 617106)

000 -LEADER
fixed length control field 00576nam a22001817a 4500
003 - CONTROL NUMBER IDENTIFIER
control field NUST
005 - DATE AND TIME OF LATEST TRANSACTION
control field 20260415164841.0
008 - FIXED-LENGTH DATA ELEMENTS--GENERAL INFORMATION
fixed length control field 260415b ||||| |||| 00| 0 eng d
020 ## - INTERNATIONAL STANDARD BOOK NUMBER
International Standard Book Number 978-0521883337
082 ## - DEWEY DECIMAL CLASSIFICATION NUMBER
Classification number 004.33
Author Mark OLD
100 ## - MAIN ENTRY--PERSONAL NAME
Personal name Ernst-Rüdiger Olderog, Henning Dierks.
9 (RLIN) 134159
245 ## - TITLE STATEMENT
Title Real-Time Systems: Formal Specification and Automatic Verification /
Statement of responsibility, etc. Ernst-Rüdiger Olderog, Henning Dierks.
250 ## - EDITION STATEMENT
Edition statement 1st Edition
260 ## - PUBLICATION, DISTRIBUTION, ETC.
Place of publication, distribution, etc. UK:
Name of publisher, distributor, etc. Cambridge University Press,
Date of publication, distribution, etc. 2008.
300 ## - PHYSICAL DESCRIPTION
Extent 320 p ;
Dimensions 30.7 cm
563 ## - BINDING INFORMATION
Binding note Hardcover
942 ## - ADDED ENTRY ELEMENTS (KOHA)
Source of classification or shelving scheme
Koha item type Book
Holdings
Withdrawn status Lost status Source of classification or shelving scheme Damaged status Not for loan Permanent Location Current Location Date acquired Total Checkouts Full call number Barcode Date last seen Price effective from Koha item type
          Institute of Geographical Information Systems (IGIS) Institute of Geographical Information Systems (IGIS) 04/15/2026   004.33 OLD IGIS-1390 04/15/2026 04/15/2026 Book
© 2023 Central Library, National University of Sciences and Technology. All Rights Reserved.